Research methods in nursing and health
| Main Author: | |
|---|---|
| Format: | Book |
| Published: |
Boston :
Little Brown and Company ,
c1984
|
| Subjects: |
MARC
| LEADER | 00000cam a2200000 7i4500 | ||
|---|---|---|---|
| 001 | 0000008928 | ||
| 005 | 20050105093000.0 | ||
| 020 | |a 0316784745 | ||
| 090 | 0 | 0 | |a RT81.5 |b .R473 |
| 245 | 0 | 0 | |a Research methods in nursing and health |c Sonya Iverson Shelly |
| 260 | 2 | |a Boston : |b Little Brown and Company , |c c1984 | |
| 300 | |a xiv, 672 p. ; |c 24 cm. | ||
| 504 | |a Includes index | ||
| 650 | 0 | |a Nursing |x Research | |
| 700 | 1 | |a Shelly, Sonya Iverson , |e author | |
| 999 | |a 1000036697 |b Book |c OPEN SHELF (30 DAYS) |e Gong Badak Campus | ||